01260nam a2200289Ia 4500001001200000003000800012006001900020007001500039008004100054020001800095040002100113035002100134050002500155245013800180260002700318300002300345500007500368504005100443533015200494650003500646651004400681655002900725710005600754710001700810856012600827999001700953ebr10348609CaPaEBRm u cr cn|||||||||841017s2002 enka sb 001 0 eng d z9780761974536 aCaPaEBRcCaPaEBR a(OCoLC)64686193214aHN400.P8bB75 2002eb00aBritish social attitudesh[electronic resource] :bthe 19th report : public policy, social ties /ceditors, Alison Park ... [et al.]. aLondon :bSAGE,c2002. axx, 337 p. :bill. aPublished in association with the National Centre for Social Research. aIncludes bibliographical references and index. aElectronic reproduction.bPalo Alto, Calif. :cebrary,d2010.nAvailable via World Wide Web.nAccess may be limited to ebrary affiliated libraries. 0aPublic opinionzGreat Britain. 0aGreat BritainxSocial conditionsy1945- 7aElectronic books.2local2 aNational Centre for Social Research (Great Britain)2 aebrary, Inc.40uhttp://site.ebrary.com/lib/rucke/Doc?id=10348609zAn electronic book accessible through the World Wide Web; click to view c29424d29424